Integrated imaging of the earth : theory and applications /

Reliable and detailed information about the Earth's subsurface is of crucial importance throughout the geosciences. Quantitative integration of all available geophysical and geological data helps to make Earth models more robust and reliable. The aim of this book is to summarize and synthesize...

Full description

Bibliographic Details
Other Authors: Moorkamp, Max (Editor), Lelièvre, Peter G. (Editor), Linde, Niklas (Editor), Khan, Amir (Editor)
Format: eBook
Language:English
Published: Washington, DC : Hoboken, New Jersey : AGU, American Geophysical Union ; John Wiley & Sons, [2016]
Series:Geophysical monograph ; 218.
Subjects:
Online Access:Connect to the full text of this electronic book

MARC

Tag First Indicator Second Indicator Subfields
LEADER 00000nam a2200000 i 4500
001 in00004682521
006 m o d
007 cr cnu---unuuu
008 160329t20162016njua ob 001 0 eng d
005 20260214201949.3
020 |a 9781118929087  |q (electronic bk.) 
020 |a 111892908X  |q (electronic bk.) 
020 |a 9781118929070  |q (electronic bk.) 
020 |a 1118929071  |q (electronic bk.) 
020 |a 9781118929063  |q (electronic bk.) 
020 |a 1118929063  |q (electronic bk.) 
020 |z 1118929055  |q (Trade Cloth) 
020 |z 9781118929056  |q (Trade Cloth) 
035 |a wil6007436 
035 |a (NhCcYBP)wil6007436 
040 |a NhCcYBP  |b eng  |e rda  |c NhCcYBP 
050 4 |a QE539  |b .I57 2016 
050 4 |a QE539  |b .I58 2016eb 
072 7 |a SCI  |x 030000  |2 bisacsh 
072 7 |a SCI  |x 031000  |2 bisacsh 
082 0 4 |a 551/.028  |2 23 
245 0 0 |a Integrated imaging of the earth :  |b theory and applications /  |c Max Moorkamp, Peter G. Lelièvre, Niklas Linde, Amir Khan, editors. 
264 1 |a Washington, DC :  |b AGU, American Geophysical Union ;  |a Hoboken, New Jersey :  |b John Wiley & Sons,  |c [2016] 
264 4 |c ©2016 
300 |a 1 online resource (xiii, 252 pages) :  |b illustrations (some color) 
336 |a text  |b txt  |2 rdacontent 
337 |a computer  |b c  |2 rdamedia 
338 |a online resource  |b cr  |2 rdacarrier 
490 1 |a Geophysical monograph series ;  |v 218 
588 0 |a Online resource; title from PDF title page (EBSCO, viewed March 30, 2016). 
504 |a Includes bibliographical references and index. 
505 0 0 |g 1.  |t Introduction /  |r Max Moorkamp, Peter G Lelièvre, Niklas Linde, and Amir Khan --  |g 2.  |t Inverse Methods: Problem Formulation and Probabilistic Solutions /  |r Klaus Mosegaard and Thomas Mejer Hansen --  |g 3.  |t Inference Networks in Earth Models with Multiple Components and Data /  |r Miguel Bosch --  |g 4.  |t Structural Coupling Approaches in Integrated Geophysical Imaging /  |r Max A Meju and Luis A Gallardo --  |g 5.  |t Post-inversion Integration of Disparate Tomographic Models by Model Structure Analyses /  |r Hendrik Paasche --  |g 6.  |t Probabilistic Integration of Geo-Information /  |r Thomas Mejer Hansen, Knud Skou Cordua, Andrea Zunino, and Klaus Mosegaard --  |g 7.  |t Joint Inversion in Hydrogeophysics and Near-Surface Geophysics /  |r Niklas Linde and Joseph Doetsch --  |g 8.  |t Integrated Imaging for Mineral Exploration /  |r Peter G Lelièvre and Colin G Farquharson --  |t 9.  |t Joint Inversion in Hydrocarbon Exploration /  |r Max Moorkamp, Björn Heincke, Marion Jegen, Richard W Hobbs, and Alan W Roberts --  |g 10.  |t Imaging the Lithosphere and Upper Mantle: Where We Are At and Where We Are Going /  |r Juan Carlos Afonso, Max Moorkamp, and Javier Fullea --  |g 11.  |t Constitution and Structure of Earth's Mantle: Insights from Mineral Physics and Seismology /  |r Andrea Zunino, Amir Khan, Paul Cupillard, and Klaus Mosegaard. 
520 8 |a Reliable and detailed information about the Earth's subsurface is of crucial importance throughout the geosciences. Quantitative integration of all available geophysical and geological data helps to make Earth models more robust and reliable. The aim of this book is to summarize and synthesize the growing literature on combining various types of geophysical and other geoscientific data. The approaches that have been developed to date encompass joint inversion, cooperative inversion, and statistical post-inversion analysis methods, each with different benefits and assumptions. Starting with the foundations of inverse theory, this book systematically describes the mathematical and theoretical aspects of how to best integrate different geophysical datasets with geological prior understanding and other complimentary data. This foundational basis is followed by chapters that demonstrate the diverse range of applications for which integrated methods have been used to date. These range from imaging the hydrogeological properties of the near-surface to natural resource exploration and probing the composition of the lithosphere and the deep Earth. Each chapter is written by leading experts in the field, which makes this book the definitive reference on integrated imaging of the Earth. Highlights of this volume include: Complete coverage of the theoretical foundations of integrated imaging approaches from inverse theory to different coupling methods and quantitative evaluation of the resulting models Comprehensive overview of current applications of integrated imaging including hydrological investigations, natural resource exploration, and imaging the deep Earth Detailed case studies of integrated approaches providing valuable guidance for both experienced users and researchers new to joint inversion. This volume will be a valuable resource for graduate students, academics, industry practitioners, and researchers who are interested in using or developing integrated imaging approaches. 
650 0 |a Imaging systems in seismology. 
650 0 |a Imaging systems in geophysics. 
655 4 |a Electronic books. 
700 1 |a Moorkamp, Max,  |e editor. 
700 1 |a Lelièvre, Peter G.,  |e editor. 
700 1 |a Linde, Niklas,  |e editor. 
700 1 |a Khan, Amir,  |e editor. 
776 0 8 |i Print version:  |t Integrated imaging of the earth.  |d Washington, DC : AGU, American Geophysical Union ; Hoboken, New Jersey : John Wiley & Sons, [2016]  |z 1118929055  |z 9781118929056 
830 0 |a Geophysical monograph ;  |v 218. 
856 4 0 |u http://proxy.library.tamu.edu/login?url=https://onlinelibrary.wiley.com/book/10.1002/9781118929063  |z Connect to the full text of this electronic book  |t 0 
955 |a Wiley EBA record 
975 |p Wiley UBCM Full Collection 2026 
999 f f |s 8e9dfbce-f697-415d-b996-036d647cbf1b  |i 2e0ed2b1-49c4-4841-8bc7-2e13fc1b0634  |t 0 
952 f f |a Texas A&M University  |b College Station  |c Electronic Resources  |s evans_pda  |d Available Online  |t 0  |e QE539 .I57 2016  |h Library of Congress classification 
998 f f |a QE539 .I57 2016  |t 0  |l Available Online